000 00738nam a22002297a 4500
005 20170124110236.0
010 _aA-937176
020 _c00.00
_a8171007988
035 _aA-937176
037 _bCen Lib/Ret
040 _aDPL
_bEN
082 _a320.954
_bGEH
100 _aGehlot, N. S.
_95718
245 _aCurrent trends in Indian politics /
_cby N.S.Gehlot
260 _aNew Delhi
_bDeep & Deep Publications
_c1998
270 _aF-159,Rajouri Garden
_bNew Delhi
_e110027
300 _axv,579p.
_c20cm(Hb)
500 _aIncludes bibliographical references and index
650 _aIndia -- Social conditions -- 1947
_99198
650 _aPolitics and government -- 1947
_942043
942 _2ddc
_cEN
_h320.954
_mGEH
999 _c134875
_d134875